00997pam a2200265 a 4500999001700000001000700017005001700024008004100041010001700082020001500099040001800114050003000132082000700162100002200169245009300191250001200284260005300296300005000349504006400399650003900463700003100502906004500533942003100578952012200609 c28490d2849070834520170307153622.0970512s1998 njua b 001 0 eng  a 97017388  a013835331X aDLCcDLCdLCC00aGE105.N42 1998b.N42 1998002211 aNebel, Bernard J.10aEnvironmental science :bthe way the world works /cBernard J. Nebel, Richard T. Wright. a6th ed. aUpper Saddle River, NJ :bPrentice Hall,cc1998. axxii, 698 p. :bill. (chiefly col.) ;c29 cm. aIncludes bibliographical references (p. 650-666) and index. 0aEnvironmental sciencesvTextbooks.1 aWright, Richard T.,d1933- a7bcbccorignewd1eocipf19gy-gencatlg 2lcccBOOKShGE105.N42 1998 00102lcc4070aMUCbMUCcTECHd2017-03-07eDonation(B.F.A)l0oGE105.N42 1998p36424r2018-07-11w2017-03-07yBOOKS